• 首页
  • 本馆介绍
  • 公告通知
  • 最新文献
  • 馆藏检索
  • 电子资源
  • 读者导购
  • 参考咨询
  • 我的图书馆
  • 登录
  • 详细信息显示
  • 放入我的书架
  • 预约/预借图书
  • 作者相关作品
  • 分类相关作品
  • 丛书相关作品
  • 出版社相关作品

书目信息

  • 表格格式
  • 工作单格式
  • 卡片格式
题名:
肿瘤基础理论与现代化外科治疗
    
 
作者: 常源 著
分册:  
出版信息: 长春   吉林科学技术出版社  2019
页数: 192页
开本: 21cm
丛书名:
单 册:
中图分类: R730.56 , R730.5
科图分类:
主题词: 肿瘤学--外科学
电子资源:
ISBN: 978-7-5578-3811-9
000 00885nam0 2200241 450
001 2371051197
005 20231224152123.29
010    @a978-7-5578-3811-9@dCNY45.50
100    @a20190611d2019 em y0chiy50 ea
101 0  @achi
102    @aCN@b220000
105    @ay a 000yy
200 1  @a肿瘤基础理论与现代化外科治疗@Azhong liu ji chu li lun yu xian dai hua wai ke zhi liao@f常源著
210    @a长春@c吉林科学技术出版社@d2019
215    @a192页@d21cm
320    @a有书目 (第192页)
330    @a本书内容涵盖了肺癌、胃癌、结直肠癌、肝癌、胰腺癌等临床常见肿瘤的诊断与外科治疗进展。在编写过程中, 注重理论与实践相结合, 内容新颖、涵盖面广, 力求全面而准确地反映临床肿瘤外科学领域的新观念、新知识和新技术。
606 0  @a肿瘤学@x外科学
690    @aR730.56@v5
690    @aR730.5@v4
701  0 @a常源@Achang yuan@4著
801  0 @aCN@b湖北三新@c20190611
905    @aZUCC@dR730.5@e14
    
    肿瘤基础理论与现代化外科治疗/常源著.-长春:吉林科学技术出版社,2019
    192页;21cm
    
    
    ISBN 978-7-5578-3811-9:CNY45.50
    本书内容涵盖了肺癌、胃癌、结直肠癌、肝癌、胰腺癌等临床常见肿瘤的诊断与外科治疗进展。在编写过程中, 注重理论与实践相结合, 内容新颖、涵盖面广, 力求全面而准确地反映临床肿瘤外科学领域的新观念、新知识和新技术。
●
相关链接 在五车中查询图书 在当当中查询图书 在豆瓣中查询图书


正题名:肿瘤基础理论与现代化外科治疗     索取号:R730.5/14         预约/预借

序号 登录号 条形码 馆藏地/架位号 状态 备注
1 2001331100   2001331100   322书库/ [索取号:R730.5/14] 在馆    
2 2001331101   2001331101   322书库/ [索取号:R730.5/14] 在馆    
3 2001331102   2001331102   322书库/ [索取号:R730.5/14] 在馆    
4 2001331103   2001331103   322书库/ [索取号:R730.5/14] 在馆    
5 2001331104   2001331104   322书库/ [索取号:R730.5/14] 在馆    
6 2001331105   2001331105   322书库/ [索取号:R730.5/14] 在馆    
7 2001331106   2001331106   322书库/ [索取号:R730.5/14] 在馆    
8 2001331107   2001331107   322书库/ [索取号:R730.5/14] 在馆    
9 2001331108   2001331108   322书库/ [索取号:R730.5/14] 在馆    
10 2001331109   2001331109   322书库/ [索取号:R730.5/14] 在馆    
11 2001331110   2001331110   322书库/ [索取号:R730.5/14] 在馆    
12 2001331111   2001331111   322书库/ [索取号:R730.5/14] 在馆    
13 2001331112   2001331112   322书库/ [索取号:R730.5/14] 在馆    
14 2001331113   2001331113   322书库/ [索取号:R730.5/14] 在馆    
15 2001331114   2001331114   322书库/ [索取号:R730.5/14] 在馆    
16 2001331115   2001331115   322书库/ [索取号:R730.5/14] 在馆    
17 2001331116   2001331116   322书库/ [索取号:R730.5/14] 在馆    
18 2001331117   2001331117   322书库/ [索取号:R730.5/14] 在馆    
19 2001331118   2001331118   322书库/ [索取号:R730.5/14] 在馆    
山东省滨州职业学院图书馆 欢迎您!
大连网信软件有限公司© 版权所有